| 000 | 00354nam a22001577a 4500 | ||
|---|---|---|---|
| 003 | SGT | ||
| 020 | _a978-0-323-18696-4 | ||
| 082 | _a617.643,O15E | ||
| 100 | _aENGLISH,JERYL.D | ||
| 245 | _aORTHODONTIC REVIEW | ||
| 250 | _a2ND | ||
| 260 |
_aST.LOUIS,MISSOURI _bELSEVIER PUBLICATION _c2015 |
||
| 300 | _a355 | ||
| 650 | _aORTHODONTICS | ||
| 942 |
_2ddc _cBK |
||
| 999 |
_c9883 _d9883 |
||